00325nam a2200121Ia 4500008004100000082002000041100002400061245006300085250000800148260002300156300000800179650001600187191201s2002 xx 000 0 und d a621.381958bGOD aGOTHMANN, William H 0aDigital Electronics: An introduction to Theory as Practice a2nd aN.DelhibPHIc2002 a383 aB.Tech(ECE)